00536nam a2200181Ia 450000500170000000800410001702000150005808200130007310000170008624500300010326000590013330000150019265000100020765000180021794200060023595200980024199900150033920250305003039.0240331s9999 xx 000 0 und d a9555800839 bRANa891 aRanasinghe,A 0aKumana anduru mohothakada aColombobInternational Centre For Ethnic Studiesc2003 a230 p .,  aPoems aShort Stories cL 001040708LaWERCLbWERCLcSSCd2024-03-31l0o 891.48 RANp6039r2024-03-31w2024-03-31yL c4869d4869